Trampas en educación (Record no. 20597)

MARC details
000 -LEADER
campo de control de longitud fija 01755nmc a2200541 a 4500
003 - IDENTIFICADOR DE NÚMERO DE CONTROL
campo de control AR-BaBNM
005 - FECHA Y HORA DE LA ÚLTIMA TRANSACCIÓN
campo de control 20251128211643.0
008 - DATOS DE LONGITUD FIJA--INFORMACIÓN GENERAL
campo de control de longitud fija 185020s2003 ||||||||||||||000 | spa||
020 ## - NÚMERO INTERNACIONAL ESTÁNDAR DEL LIBRO
Número Internacional Estándar del Libro 84-7133-735-5
040 ## - FUENTE DE CATALOGACIÓN
Centro/agencia transcriptor AR-BaBNM
245 10 - MENCIÓN DEL TÍTULO
Título Trampas en educación
Resto del título el discurso sobre la calidad
260 ## - PUBLICACIÓN, DISTRIBUCIÓN, ETC.
Lugar de publicación, distribución, etc. Madrid
Nombre del editor, distribuidor, etc. La Muralla
Fecha de publicación, distribución, etc. 2003
300 0# - DESCRIPCIÓN FÍSICA
Extensión 243 p.
490 #0 - MENCIÓN DE SERIE
Mención de serie Aula abierta
504 ## - NOTA DE BIBLIOGRAFÍA, ETC.
Nota de bibliografía, etc. Nota Incluye bibliografía al final del volumen
650 #4 - PUNTO DE ACCESO ADICIONAL DE MATERIA--TÉRMINO DE MATERIA
Término de materia o nombre geográfico como elemento de entrada CALIDAD DE LA EDUCACION
650 #4 - PUNTO DE ACCESO ADICIONAL DE MATERIA--TÉRMINO DE MATERIA
Término de materia o nombre geográfico como elemento de entrada RESULTADOS DE INVESTIGACION
650 #4 - PUNTO DE ACCESO ADICIONAL DE MATERIA--TÉRMINO DE MATERIA
Término de materia o nombre geográfico como elemento de entrada POLITICA EDUCATIVA
651 #4 - PUNTO DE ACCESO ADICIONAL DE MATERIA--NOMBRE GEOGRÁFICO
Nombre geográfico España
653 ## - TÉRMINO DE INDIZACIÓN--NO CONTROLADO
Término no controlado INSTITUCIONES EDUCATIVAS
653 ## - TÉRMINO DE INDIZACIÓN--NO CONTROLADO
Término no controlado INVESTIGACION EDUCATIVA
653 ## - TÉRMINO DE INDIZACIÓN--NO CONTROLADO
Término no controlado ANALISIS DEL DISCURSO
700 1# - ENTRADA AGREGADA--NOMBRE PERSONAL
Nombre de persona Santos Guerra, Miguel Angel
Término indicativo de función/relación coordinador
700 1# - ENTRADA AGREGADA--NOMBRE PERSONAL
Nombre de persona Alvarez Martín, María Victoria
700 1# - ENTRADA AGREGADA--NOMBRE PERSONAL
Nombre de persona Araujo Duarte, Guadalupe
700 1# - ENTRADA AGREGADA--NOMBRE PERSONAL
Nombre de persona Arenas Fernández, Gloria
700 1# - ENTRADA AGREGADA--NOMBRE PERSONAL
Nombre de persona Barrientos, María Carmen
700 1# - ENTRADA AGREGADA--NOMBRE PERSONAL
Nombre de persona Díaz Noguera, María Dolores
700 1# - ENTRADA AGREGADA--NOMBRE PERSONAL
Nombre de persona Fernández Galván, Sofía
700 1# - ENTRADA AGREGADA--NOMBRE PERSONAL
Nombre de persona Gambero Gámez, Juan Ramón
700 1# - ENTRADA AGREGADA--NOMBRE PERSONAL
Nombre de persona García González, Montserrat
700 1# - ENTRADA AGREGADA--NOMBRE PERSONAL
Nombre de persona Gómez González, María José
700 1# - ENTRADA AGREGADA--NOMBRE PERSONAL
Nombre de persona Gómez Mayorca, Cristóbal
700 1# - ENTRADA AGREGADA--NOMBRE PERSONAL
Nombre de persona Gutiérrez Pérez, Rosario
700 1# - ENTRADA AGREGADA--NOMBRE PERSONAL
Nombre de persona Heras Montoya, Laurentino
700 1# - ENTRADA AGREGADA--NOMBRE PERSONAL
Nombre de persona Herrera Abril, María Amalia
700 1# - ENTRADA AGREGADA--NOMBRE PERSONAL
Nombre de persona Liñán Banderas, María del Pilar
700 1# - ENTRADA AGREGADA--NOMBRE PERSONAL
Nombre de persona Martín Ruiz, María Victoria
700 1# - ENTRADA AGREGADA--NOMBRE PERSONAL
Nombre de persona Plaza del Río, Francisco S.
700 1# - ENTRADA AGREGADA--NOMBRE PERSONAL
Nombre de persona Prado Piñero, Juan
700 1# - ENTRADA AGREGADA--NOMBRE PERSONAL
Nombre de persona Rivas Flores, Ignacio
700 1# - ENTRADA AGREGADA--NOMBRE PERSONAL
Nombre de persona Rodrigo Muñoz, Pilar
700 1# - ENTRADA AGREGADA--NOMBRE PERSONAL
Nombre de persona Torres Rosell, María Fernanda
700 1# - ENTRADA AGREGADA--NOMBRE PERSONAL
Nombre de persona Vázquez Candiles, Ildefonso
800 1# - PUNTO DE ACCESO ADICIONAL DE SERIE--NOMBRE DE PERSONA
Nombre de persona Casanova, María Antonia
942 ## - ELEMENTOS DE ENTRADA SECUNDARIOS (KOHA)
Tipo de ítem Koha Libros
998 ## - INFORMACIÓN DE CONTROL LOCAL (RLIN)
Iniciales del catalogador, CIN (RLIN) calidad
Holdings
Estatus retirado Estado de pérdida Fuente de la clasificación o esquema de estantería Estado de daño No para préstamo Biblioteca de origen Biblioteca actual Fecha de adquisición Fuente de adquisición Total de préstamos Signatura topográfica completa Código de barras Visto por última vez Precio de reemplazo Tipo de ítem Koha
    Clasificación Decimal Dewey     Liberty Liberty 28/11/2025 C-BP-0002   37.014 SAN 136834 28/11/2025 28/11/2025 Libros
    Clasificación Decimal Dewey     Liberty Liberty 28/11/2025 C-BP-0002   37.014 SAN 136835 28/11/2025 28/11/2025 Libros